|
|
|
|
| LEADER |
00000nas a2200000 a 4500 |
| 001 |
ssj0059469 |
| 003 |
WaSeSS |
| 005 |
20200512172242.0 |
| 006 |
m d |
| 007 |
cr n |
| 008 |
980122c19949999sp fr p s 0 0spa |
| 010 |
|
|
|a 98655509
|
| 022 |
|
|
|l 1134-1629
|y 1134-1629
|
| 035 |
|
|
|a (WaSeSS)ssj0059469
|
| 040 |
|
|
|a DLC
|b eng
|c DLC
|d OCLCQ
|d DLC
|d OCLCO
|d OCLCQ
|d OCLCF
|d OCLCO
|d CUS
|d OCLCA
|d CUS
|d WaSeSS
|
| 042 |
|
|
|a pcc
|
| 050 |
0 |
0 |
|a PN4705
|b .E85
|
| 082 |
0 |
0 |
|a 070.4/05
|2 21
|
| 210 |
0 |
|
|a Estud. mensaje periodis.
|
| 222 |
|
0 |
|a Estudios sobre el mensaje periodistico
|
| 245 |
0 |
0 |
|a Estudios sobre el mensaje periodístico
|h [electronic resource] /
|c Facultad de Ciencias de la Información, Departamento de Periodismo I.
|
| 260 |
|
|
|a Madrid :
|b Servicio de Publicaciones, Universidad Complutense
|
| 310 |
|
|
|a Semiannual,
|b 2011-
|
| 321 |
|
|
|a Annual,
|b 1994-2010
|
| 362 |
1 |
|
|a Began with no. 1 (1994).
|
| 500 |
|
|
|a Issue no. 3 called "número monográfico", analyzed in LC.
|5 DLC
|
| 506 |
|
|
|a License restrictions may limit access.
|
| 588 |
|
|
|a Description based on: No. 3 (1996).
|
| 588 |
|
|
|a Latest issue consulted: Vol. 17, no. 1 (2011).
|
| 650 |
|
0 |
|a Journalism
|v Periodicals.
|
| 650 |
|
7 |
|a Journalism.
|2 fast
|0 (OCoLC)fst00984032
|
| 655 |
|
0 |
|a Electronic journals.
|
| 710 |
2 |
|
|a Universidad Complutense de Madrid.
|b Departamento de Periodismo I.
|
| 850 |
|
|
|a DLC
|
| 856 |
4 |
0 |
|z Full text available from PRISMA Database with HAPI Index: 01/01/2005 to 01/31/2016
|u https://search.proquest.com/publication/237533
|